Avrupa Topluluğu ve Türk rekabet hukukunda hakim durumun kötüye kullanılması / (Record no. 12609)
[ view plain ]
| 000 -LEADER | |
|---|---|
| fixed length control field | 00736nam a22002297a 4500 |
| 003 - CONTROL NUMBER IDENTIFIER | |
| control field | TR-AnCHP |
| 005 - DATE AND TIME OF LATEST TRANSACTION | |
| control field | 20190121161313.0 |
| 008 - FIXED-LENGTH DATA ELEMENTS--GENERAL INFORMATION | |
| fixed length control field | 190121b tu ||||| |||| 00| 0 tur d |
| 020 ## - INTERNATIONAL STANDARD BOOK NUMBER | |
| International Standard Book Number | 9758301160 |
| 040 ## - CATALOGING SOURCE | |
| Transcribing agency | . |
| 041 ## - LANGUAGE CODE | |
| Language code of text/sound track or separate title | tur |
| 082 ## - DEWEY DECIMAL CLASSIFICATION NUMBER | |
| Classification number | 343.0721 |
| Item number | Ö9a 2000 |
| 100 ## - MAIN ENTRY--PERSONAL NAME | |
| Personal name | Öz, Gamze Aşçıoğlu |
| 245 ## - TITLE STATEMENT | |
| Title | Avrupa Topluluğu ve Türk rekabet hukukunda hakim durumun kötüye kullanılması / |
| Statement of responsibility, etc. | Gamze Aşçıoğlu Öz |
| 260 ## - PUBLICATION, DISTRIBUTION, ETC. | |
| Place of publication, distribution, etc. | Ankara : |
| Name of publisher, distributor, etc. | Rekabet Kurumu, |
| Date of publication, distribution, etc. | 2000. |
| 300 ## - PHYSICAL DESCRIPTION | |
| Extent | 210 s. ; |
| Dimensions | 24 cm. |
| 440 ## - SERIES STATEMENT/ADDED ENTRY--TITLE | |
| Title | Rekabet Kurumu Yayınları |
| Volume/sequential designation | 51 |
| 490 ## - SERIES STATEMENT | |
| Series statement | Lisansüstü Tez Serisi : |
| Volume/sequential designation | 4 |
| 650 #0 - SUBJECT ADDED ENTRY--TOPICAL TERM | |
| Topical term or geographic name entry element | Rekabet hukuku |
| 9 (RLIN) | 5052 |
| General subdivision | Türkiye |
| 650 #0 - SUBJECT ADDED ENTRY--TOPICAL TERM | |
| Topical term or geographic name entry element | Rekabet, haksız |
| 9 (RLIN) | 5053 |
| General subdivision | Avrupa Birliği Ülkeleri |
| 942 ## - ADDED ENTRY ELEMENTS (KOHA) | |
| Source of classification or shelving scheme | Dewey Decimal Classification |
| Koha item type | Books |
| Withdrawn status | Lost status | Source of classification or shelving scheme | Damaged status | Not for loan | Home library | Current library | Date acquired | Total Checkouts | Full call number | Barcode | Date last seen | Price effective from | Koha item type |
|---|---|---|---|---|---|---|---|---|---|---|---|---|---|
| Dewey Decimal Classification | Parti Okulu Kütüphanesi | Parti Okulu Kütüphanesi | 01/21/2019 | 343.0721 Ö9a 2000 | P00278 | 01/21/2019 | 01/21/2019 | Books |
